000
00330nam a2200145Ia 4500
008
150201s2011 xx 000 0 und d
082
_a
610.7
_b
E11L
100
_a
LOHUMI , SHAMA
245
_a
ENGLISH FOR NURSES
250
_a
1ST
260
_b
ELSEVIER
_a
INDIA
_c
2011
300
_a
262
650
_a
NURSING
942
_2
ddc
_c
BK
_0
18
999
_c
2123
_d
2123